Incorporated Auctioneers Journal (Record no. 118855)

MARC details
000 -LEADER
fixed length control field 00624cas a22001935a 4500
001 - CONTROL NUMBER
control field ##L132621
008 - FIXED-LENGTH DATA ELEMENTS--GENERAL INFORMATION
fixed length control field 060223d19321964xxkmr p 0 a0eng u
035 ## - SYSTEM CONTROL NUMBER
System control number (Sirsi) u132621
041 0# - LANGUAGE CODE
Language code of text/sound track or separate title eng
110 2# - MAIN ENTRY--CORPORATE NAME
Corporate name or jurisdiction name as entry element Incorporated Society of Auctioneers and Landed Property Agents
9 (RLIN) 4878
245 00 - TITLE STATEMENT
Title Incorporated Auctioneers Journal
260 ## - PUBLICATION, DISTRIBUTION, ETC.
Place of publication, distribution, etc. London
Name of publisher, distributor, etc. ISALPA
Date of publication, distribution, etc. 1932-1964
362 ## - DATES OF PUBLICATION AND/OR SEQUENTIAL DESIGNATION
Dates of publication and/or sequential designation 6(63) March 1932-38(11) December 1964
554 ## -
-- 12 per year
651 #4 - SUBJECT ADDED ENTRY--GEOGRAPHIC NAME
Geographic name England and Wales
Chronological subdivision 1543-
690 ## - LOCAL SUBJECT ADDED ENTRY--TOPICAL TERM (OCLC, RLIN)
Topical term or geographic name as entry element PROPERTY
780 00 - PRECEDING ENTRY
Title The Journal of the Incorporated Society of Auctioneers and Landed Property Agents
942 ## - ADDED ENTRY ELEMENTS (KOHA)
Suppress in OPAC 0
Holdings
Withdrawn status Lost status Source of classification or shelving scheme Damaged status Not for loan Home library Current library Shelving location Date acquired Total Checkouts Full call number Barcode Date last seen Price effective from Koha item type
    Dewey Decimal Classification     London London Basement 23/02/2006   BASEMENT 132621-1001 06/08/2019 06/08/2019 Journal